| 000 | 00477nam a2200181 i 4500 | ||
|---|---|---|---|
| 001 | 13873 | ||
| 003 | ES-MaACL | ||
| 005 | 20230906150659.0 | ||
| 007 | t| | ||
| 008 | 980715s1936 sp ||||1| spa d | ||
| 080 | _a165 | ||
| 100 | 1 |
_aFiszer, Emilie. _951051 |
|
| 245 | 1 | 0 |
_aUnité et intelligibilité / _cpar Emilie Fiszer. |
| 260 |
_aParis : _bJ. Vrin, _c1936. |
||
| 300 |
_a245 p. ; _c23 cm. |
||
| 650 | 4 |
_aEpistemología. _912338 |
|
| 852 |
_aES-MaACL _jL-21320 _bR.115745 |
||
| 999 |
_c13873 _d13873 |
||